| 000 | 00432nam a2200169 i 4500 | ||
|---|---|---|---|
| 001 | bg | ||
| 100 | 1 | _aGAMALEJA, N. F. | |
| 245 | 0 |
_aLazery w eksperimente i klinike / _cN. F. Gamaleja. |
|
| 260 |
_aMoskva : _bIzdat. "Medicina", _c1972. |
||
| 300 |
_as. 231 : _bilustr., tabl. |
||
| 504 | _abibliogr. | ||
| 040 | _cBPK | ||
| 041 | _apol | ||
| 080 | _a615.849:621.375 | ||
| 942 | _cKS | ||
| 008 | s pl f |000 0 pol | ||
| 999 |
_c14993 _d14993 |
||
| 856 |
_uhttp://koha.tu.koszalin.pl/cgi-bin/koha/opac-detail.pl?biblionumber=14993 _yKatalog online BPK |
||